[Event "Hannover-chB"]
[Site "Lehrte"]
[Date "2008.10.14"]
[Round "7"]
[White "Manusina, Nicole"]
[Black "Kratky, Daniel"]
[Result "1/2-1/2"]
[WhiteElo "1630"]
[BlackElo "1626"]
[PlyCount "53"]
[EventDate "2008.10.11"]
[EventType "swiss"]
[EventRounds "7"]
[EventCountry "GER"]
[SourceTitle "EXT 2021"]
[Source "ChessBase"]
[SourceDate "2020.10.23"]
[SourceVersion "1"]
[SourceVersionDate "2020.10.23"]
[SourceQuality "1"]

1. d4 Nf6 2. c4 d5 3. Nc3 c6 4. e3 e6 5. Nf3 Bd6 6. cxd5 exd5 7. h3 Bf5 8. Bd3 Bxd3 9. Qxd3 0-0 10. 0-0 Re8 11. Re1 Ne4 12. Rb1 Nd7 13. Bd2 Ndf6 14. b4 Nxc3 15. Bxc3 Ne4 16. Nd2 f5 17. b5 Qh4 18. Nxe4 fxe4 19. Qd2 Qe7 20. a4 Rac8 21. Rec1 cxb5 22. Rxb5 Qf7 23. Qa2 Rc4 24. Bd2 Rec8 25. Rxc4 Rxc4 26. Qb3 Qc7 27. Qd1 1/2-1/2

[Event "Hannover-chB"]
[Site "Lehrte"]
[Date "2008.10.13"]
[Round "6"]
[White "Kratky, Daniel"]
[Black "Tenninger, Joerg"]
[Result "0-1"]
[WhiteElo "1626"]
[BlackElo "1547"]
[PlyCount "72"]
[EventDate "2008.10.11"]
[EventType "swiss"]
[EventRounds "7"]
[EventCountry "GER"]
[SourceTitle "EXT 2021"]
[Source "ChessBase"]
[SourceDate "2020.10.23"]
[SourceVersion "1"]
[SourceVersionDate "2020.10.23"]
[SourceQuality "1"]

1. d4 d5 2. Nf3 e6 3. c3 Nf6 4. Bg5 Be7 5. e3 0-0 6. Bd3 Nbd7 7. Nbd2 h6 8. Bh4 b6 9. 0-0 Bb7 10. Re1 Ne4 11. Bg3 Ndf6 12. Ne5 c5 13. f3 Nxg3 14. hxg3 Rc8 15. f4 Rc7 16. Ng4 Ne4 17. Nxe4 dxe4 18. Bc2 Rd7 19. Qb1 f5 20. Ne5 Rc7 21. Bb3 Rf6 22. g4 Bd5 23. Qd1 Rf8 24. gxf5 Rxf5 25. g4 Rf8 26. c4 Bb7 27. d5 exd5 28. cxd5 Bd6 29. Nc6 Qh4 30. Qe2 Bc8 31. f5 Rcf7 32. Qg2 Kh8 33. Bc2 Bxf5 34. Rf1 Bg6 35. Rxf7 Rxf7 36. Rf1 Bh2+ 0-1